000 00340nam a2200121Ia 4500
008 230907s9999||||xx |||||||||||||| ||und||
082 _a660.2842
_bWAN
100 _aWankat, Philip C.
_9115341
245 0 _aSeparation process engineering :
260 _aDorling Kindesley (pvt.) Ltd.
_bNoida :
_c2017
300 _axxxv, 948 p.
942 _cBK
999 _c598184
_d598184